[Event "CAN-ch U10"]
[Site "Quebec"]
[Date "2018.07.04"]
[Round "6.126"]
[White "Luo, Zhiheng"]
[Black "Mellon Ruel, Olivier"]
[Result "0-1"]
[WhiteElo "754"]
[BlackElo "936"]
[PlyCount "66"]
[EventDate "2018.07.02"]
[EventType "swiss"]
[EventRounds "7"]
[EventCountry "CAN"]
[SourceTitle "EXT 2022"]
[Source "ChessBase"]
[SourceDate "2021.10.06"]
[SourceVersion "1"]
[SourceVersionDate "2021.10.06"]
[SourceQuality "1"]

1. e4 g6 2. Nf3 Bg7 3. d4 d6 4. Nc3 Nf6 5. b3 0-0 6. Bb2 Nc6 7. Be2 e5 8. d5 Nd4 9. Nxd4 exd4 10. Qxd4 Ng4 11. Qd3 Qf6 12. Bxg4 Bxg4 13. f3 Bd7 14. 0-0-0 Qf4+ 15. Kb1 a6 16. Ne2 Qg5 17. Bxg7 Kxg7 18. Qc3+ Kg8 19. Qxc7 Bb5 20. Nc3 Rac8 21. Qa5 Bd7 22. g3 Qf6 23. Rd3 Bh3 24. g4 Bg2 25. Rg1 Bh3 26. Rg3 Bf1 27. Re3 Qe5 28. Rg1 Qd4 29. Rxf1 Qxe3 30. Nd1 Qe2 31. Rf2 Qxd1+ 32. Kb2 Qg1 33. Re2 Qd4+ 0-1